Cục diện kinh tế thế giới hai thập niên đầu thế kỷ XXI

محفوظ في:
التفاصيل البيبلوغرافية
المؤلف الرئيسي: Lê, Văn Sang
التنسيق: كتاب
اللغة:Undetermined
منشور في: Hà Nội Thế giới 2005
الموضوعات:
الوسوم: إضافة وسم
لا توجد وسوم, كن أول من يضع وسما على هذه التسجيلة!
Thư viện lưu trữ: Trung tâm Học liệu Trường Đại học Cần Thơ
LEADER 00538nam a2200181Ia 4500
001 CTU_103587
008 210402s9999 xx 000 0 und d
082 |a 330.9 
082 |b S106 
100 |a Lê, Văn Sang 
245 0 |a Cục diện kinh tế thế giới hai thập niên đầu thế kỷ XXI 
245 0 |c Lê Văn Sang 
260 |a Hà Nội 
260 |b Thế giới 
260 |c 2005 
650 |a World economic 
904 |i Hiếu 
980 |a Trung tâm Học liệu Trường Đại học Cần Thơ